00695 2200229 4500001002100000005001700021008004100038035002500079082001200104084002100116100001600137245014900153250001100302260002800313300002700341650002500368850001200393999001500405999001500420990001500435990001500450YOGYA-0209000003519220150903124919.0 ind  a0010-020900000035192 a340.014 aT 340.014bHut I aHUTAURUK, M aIstilah hukum dari bahasa Belanda yang sedikit banyak masih dipakai dalam bahasa hukum Indonesia. Plas Rechtwtensche ppeljke stofc/ M. Hutauruk aCet. 5 aJakartabErlanggac1987 avii, 68 hlm. ;c21 cm. aDaftar istilah hukum aYOPDYOG a94P0054273 a94P0054274 a54274-P/94 a54273-P/94